000 00505nam a2200169Ia 4500
008 090201s9999 xx 000 0 und d
010 _aKPL-22902
040 _bमराठी
041 _aमराठी
082 _a4979
_b22902
100 _aमंगला साठे
245 _aअविष्कार
_cमंगला साठे
260 _c2004
_bनीहारा प्रकाशन
300 _a125
_bमोठा
600 _aअविष्कार
942 _cBOOK
999 _c205978
_d205978